000 00888nam a2200241 a 4500
001 000023866
005 20200930022528.0
008 110114s1975 sp ac r 000 0 spa d
020 _a8426109322
040 _aDO-SdBNP
_bspa
_cBNPHU
041 1 7 _aspa
_hfre
_2Código de idiomas MARC
082 _annnn
_bF917p, 1975
100 1 _aFrison-Roche, Roger,
_d1906-
_949097
240 1 0 _aPeuples chasseurs de l´arctique.
_lEspañol
245 1 0 _aPueblos cazadores del ártico / :
_bRoger Frison-Roche ; traducción de Antonio Ribera.
250 _a2a ed.
260 _aBarcelona :
_bJuventud,
_c1975.
300 _a270, [1] p. :
_bil., retrs. ;
_c23 cm.
504 _aIncluye referencias bibliográficas y notas al pie de las páginas.
534 _pTítulo original en francés:
_tPeuples chasseurs de l´arctique.
_cParís, 1966
700 1 _aRibera, Antonio,
_etr.
_912503
049 _aBNGR
999 _c23362
_d23362